| Tag |
First Indicator |
Second Indicator |
Subfields |
| LEADER |
00000cam a2200000 a 4500 |
| 001 |
in00002575277 |
| 005 |
20151201152259.0 |
| 008 |
091209s2010 enk b 001 0 eng |
| 015 |
|
|
|a GBB004524
|2 bnb
|
| 016 |
7 |
|
|a 015462344
|2 Uk
|
| 019 |
|
|
|a 475446935
|
| 020 |
|
|
|a 9781403986665 (hbk.)
|
| 020 |
|
|
|a 1403986665 (hbk.)
|
| 029 |
1 |
|
|a NLGGC
|b 323891225
|
| 035 |
|
|
|a (OCoLC)ocn499078856
|
| 035 |
|
|
|a (OCoLC)499078856
|
| 040 |
|
|
|a UKM
|c UKM
|d YDXCP
|d OSU
|d BTCTA
|d UtOrBLW
|
| 041 |
1 |
|
|a eng
|h fre
|
| 042 |
|
|
|a ukblsr
|
| 049 |
|
|
|a TXAM
|
| 082 |
0 |
4 |
|a 194
|2 22
|
| 090 |
|
|
|a B2430.F724
|b F68213 2010
|
| 100 |
1 |
|
|a Foucault, Michel,
|d 1926-1984.
|
| 240 |
1 |
0 |
|a Gouvernement de soi et des autres.
|l English
|
| 245 |
1 |
4 |
|a The government of self and others /
|c Michel Foucault ; edited by Frédéric Gros ; general editors, François Ewald and Alessandro Fontana ; translated by Graham Burchell.
|
| 264 |
|
1 |
|a Basingstoke :
|b Palgrave Macmillan ;
|a New York :
|b St Martin's Press,
|c 2010.
|
| 300 |
|
|
|a xvi, 402 pages ;
|c 23 cm.
|
| 336 |
|
|
|a text
|b txt
|2 rdacontent
|
| 337 |
|
|
|a unmediated
|b n
|2 rdamedia
|
| 338 |
|
|
|a volume
|b nc
|2 rdacarrier
|
| 504 |
|
|
|a Includes bibliographical references and index.
|
| 546 |
|
|
|a Translated from the French.
|
| 650 |
|
0 |
|a Philosophy, Modern
|y 20th century
|x Study and teaching.
|
| 650 |
|
0 |
|a Political science
|x Philosophy
|y 20th century
|x Study and teaching.
|
| 650 |
|
0 |
|a Truthfulness and falsehood.
|
| 650 |
|
0 |
|a Freedom of speech
|x Philosophy.
|
| 700 |
1 |
|
|a Foucault, Michel,
|d 1926-1984.
|t Lectures at the Collège de France.
|
| 740 |
0 |
|
|a Lectures at the Collège de France.
|
| 938 |
|
|
|a YBP Library Services
|b YANK
|n 3165265
|
| 938 |
|
|
|a Baker and Taylor
|b BTCP
|n BK0008684235
|
| 945 |
|
|
|a PromptCat
|b 15366
|
| 946 |
|
|
|a stk
|
| 947 |
|
|
|a A14840178866
|
| 994 |
|
|
|a 92
|b TXA
|
| 948 |
|
|
|a Cataloged
|b h
|c 2010/7/1
|d c
|e ibarton
|
| 999 |
|
|
|a MARS
|
| 999 |
f |
f |
|s b2d0c1ab-79e0-365b-9064-a75b3dd98af8
|i 3383c5e6-7800-31e7-aa63-3c87ad5693bc
|t 0
|
| 952 |
f |
f |
|p normal
|a Texas A&M University
|b College Station
|c Sterling C. Evans Library
|d Evans: Library Stacks
|t 0
|e B2430.F724 F68213 2010
|h Library of Congress classification
|i unmediated -- volume
|m A14840178866
|
| 998 |
f |
f |
|a B2430.F724 F68213 2010
|t 0
|l Evans: Library Stacks
|